| 000 | 00531cam a2200181 a 4500 | ||
|---|---|---|---|
| 001 | 000003623 | ||
| 005 | 20200929150515.0 | ||
| 008 | 810324s1937 nyu 000 f eng | ||
| 010 | _a37027398 | ||
| 040 |
_aDO-SdBNP _bspa _cBNPHU |
||
| 082 |
_a813.54 _bF754a |
||
| 100 | 1 |
_aFoster, Michael, _d1904-1956. _911136 |
|
| 245 | 1 | 0 |
_aAmerican dream : _ba novel / _cMichael Foster. |
| 260 |
_aNew York : _bW. Morrow, _c1937. |
||
| 300 |
_a506 p. ; _c22 cm. |
||
| 650 | 4 |
_aNovela estadounidense _9262 |
|
| 650 | 4 |
_aLiteratura estadounidense _9263 |
|
| 999 |
_c3446 _d3446 |
||